Club Belge Proleague 23-24 - Statistiques

Statistiques générales
  • Ce quiz a été pris 32 fois
  • Le résultat moyen est 3 sur 16
Statistiques - réponses
Classement Réponse % Correct
3ème Union Saint-Gilloise
64%
7eme Standard de Liège
60%
4ème Club Bruges
48%
6eme Cercle Bruges
28%
9eme Sporting Charleroi
24%
11eme Sporting Anderlecht
20%
2eme KRC Genk
12%
1er (D2) RWD Molenbeek
12%
5eme KAA La Gantoise
8%
14eme KV Courtrai
8%
15eme KAS Eupen
4%
13eme KV Malines
4%
10eme OH Louvain
4%
1er Royal Antwerp FC
4%
8eme KVC Westerlo
0%
12eme Saint-Trond VV
0%
Aucun quiz correspondant
Distribution des résultats
% des personnes avec chaque résultat
Percentile par nombre de réponses
Votre historique - résultats
Vous n’avez pas pris ce quiz